000 00266nam a22001337a 4500
020 _a45245
041 _aENG
100 _aMaharast shasan
245 _aMaharastlok seva aayog
260 _amumbai
_bmumbai
_c1999
300 _a47
650 _aGAE
856 _uGAE
999 _c352
_d352